|
|
|
|
| LEADER |
01395nam a22003012a 4500 |
| 001 |
000213302 |
| 003 |
CZ BrMZK |
| 005 |
20170927103049.0 |
| 007 |
ta |
| 008 |
970107s1975 xr af f 000 0 cze d |
| 015 |
|
|
|a cnb000163114
|
| 035 |
|
|
|a (OCoLC)9453695
|
| 040 |
|
|
|a BOA001
|b cze
|
| 100 |
1 |
|
|a Závada, Vilém,
|d 1905-1982
|7 jk01152210
|4 aut
|
| 245 |
1 |
0 |
|a Kdo s básní zachází /
|c Vilém Závada ; verše vybral, uspořádal, přehled o básníkově životě a díle pořídil a fotografiemi doplnil Břetislav Štorek ; ilustroval Miloslav Holý
|
| 250 |
|
|
|a 1. vyd.
|
| 260 |
|
|
|a Praha :
|b Československý spisovatel,
|c 1975
|
| 300 |
|
|
|a 135 s., obr. příl. :
|b il. +
|e 1 gramofonová deska
|
| 490 |
1 |
|
|a Klub přátel poezie. Základní řada ;
|v sv. 3
|
| 500 |
|
|
|a Dostupné též v digitální podobě v aplikaci Kramerius
|
| 504 |
|
|
|a Obsahuje bibliografii
|
| 830 |
|
0 |
|a Klub přátel poezie (Československý spisovatel).
|p Základní řada
|0 s
|
| 856 |
4 |
1 |
|u http://www.digitalniknihovna.cz/mzk/uuid/uuid:c50551d0-182b-11e7-96ce-005056827e51
|y Digitalizovaný dokument
|x NDK
|
| 910 |
|
|
|a BOA001
|b PK-0075.003
|b 2-0744.891
|
| 920 |
|
|
|a 000143627
|
| 990 |
|
|
|a BK
|
| 996 |
6 |
|
|b 2619952949
|c 2-0744.891
|l Sklad H1
|r Sklad / do 24 hodin
|n 0
|h HS 212
|w 000213302
|u 000020
|a 1
|e BOA001
|j MZK50
|s P
|
| 996 |
7 |
|
|b 3119818381
|c PK-0075.003
|l MZK
|r Sklad / do 1 hodiny
|n 3
|w 000213302
|u 000010
|a 1
|e BOA001
|j MZK50
|s A
|